000 00785nam a2200193 i 4500
001 124874
003 ES-MaACL
005 20230906192520.0
007 t|
008 070423s1935 sp ||||1| spa d
110 2 _aCaja Nacional contra el Paro Forzoso.
_92337
245 1 0 _aMemoria correspondiente al año 1935 /
_cCaja Nacional contra el Paro forzoso.
260 _aMadrid :
_b[s.n.],
_c1936 (
_fImprenta y Encuadernación de los Sobrinos de la Sucesora de M. Minuesa de los Ríos)
300 _a85 p., 13-24 p. de map. pleg., 39-44 p. de gráf. pleg. ;
_c20 cm.
490 1 _aPublicaciones del Instituto Nacional de Previsión ;
_v497
830 0 _aPublicaciones del Instituto Nacional de Previsión ;
_v497
_9181151
852 _aES-MaACL
_jC-12655(11)
999 _c124874
_d124874